Plan de Movilidad Peatonal para el Sector Central de la Ciudad de Masaya, Nicaragua
El siguiente trabajo monográfico desarrolla un plan de movilidad peatonal en el sector central de la cuidad e Masaya, delimitando el área de intervención del plan de movilidad identificando las políticas, estrategias e instrumentos de intervención en materia de movilidad peatonal, con base en e...
| Main Authors: | , , |
|---|---|
| Other Authors: | |
| Format: | Tesis Section = Libro |
| Language: | Undetermined Spanish |
| Published: |
Managua
UNI
2022
|
| Subjects: |
| LEADER | 01285nam a2200277Ia 4500 | ||
|---|---|---|---|
| 008 | 240830s9999 xx 000 0 und d | ||
| 040 | |a BIBLIOTECA-RUSB/ Mon 712.3 T266 | ||
| 041 | |a spa | ||
| 082 | |a Mon 712.3 T266 | ||
| 100 | 1 | |a Tejada Martínez, Karla Julissa | |
| 100 | 1 | |b Gómez Ríos, Lidia Alejandra | |
| 100 | 1 | |c Chavarría Bermúdez, Víctor Danilo | |
| 245 | 1 | 0 | |a Plan de Movilidad Peatonal para el Sector Central de la Ciudad de Masaya, Nicaragua |
| 260 | |a Managua |b UNI |c 2022 | ||
| 300 | |a 108 p. :il. | ||
| 500 | |a Contiene: anexos y CD. | ||
| 502 | |a Tesis (Arquitecto) - UNI,2022. | ||
| 520 | 3 | |a El siguiente trabajo monográfico desarrolla un plan de movilidad peatonal en el sector central de la cuidad e Masaya, delimitando el área de intervención del plan de movilidad identificando las políticas, estrategias e instrumentos de intervención en materia de movilidad peatonal, con base en el estudio de planes de movilidad de diferentes ciudades en el contexto nacional, regional e internacional. | |
| 650 | 7 | |a DESARROLLO URBANO - MASAYA | |
| 650 | 7 | |b PROCEDIMIENTOS TÉCNICOS | |
| 650 | 7 | |c PLAN MOVILIDAD - PEATONAL | |
| 650 | 7 | |d DIAGNOSTICO DEL AREA | |
| 700 | 1 | |a Tutor: |b Rosales, Benjamin | |
| 942 | |c BK |2 ddc | ||
| 991 | |a TESIS | ||
| 999 | |c 22312 | ||